Autism spectrum disorders through the life span / (Record no. 20758)

MARC details
000 -LEADER
fixed length control field 01021cam a22002895a 4500
001 - CONTROL NUMBER
control field 016127440
003 - CONTROL NUMBER IDENTIFIER
control field OSt
005 - DATE AND TIME OF LATEST TRANSACTION
control field 20150920143144.0
008 - FIXED-LENGTH DATA ELEMENTS--GENERAL INFORMATION
fixed length control field 120712s2013 enka frb 001 0 eng d
020 ## - INTERNATIONAL STANDARD BOOK NUMBER
International Standard Book Number 9781849053440 (pbk.)
040 ## - CATALOGING SOURCE
Original cataloging agency StDuBDS
Language of cataloging eng
Transcribing agency StDuBDS
Modifying agency Uk
-- EG-ScBUE
082 04 - DEWEY DECIMAL CLASSIFICATION NUMBER
Classification number 616.85882
Edition number 22
Item number TAN
100 1# - MAIN ENTRY--PERSONAL NAME
Personal name Tantam, Digby,
9 (RLIN) 38424
245 10 - TITLE STATEMENT
Title Autism spectrum disorders through the life span /
Statement of responsibility, etc Digby Tantam.
260 ## - PUBLICATION, DISTRIBUTION, ETC. (IMPRINT)
Place of publication, distribution, etc London ;
-- Philadelphia :
Name of publisher, distributor, etc Jessica Kingsley Publishers,
Date of publication, distribution, etc 2013.
300 ## - PHYSICAL DESCRIPTION
Extent xxvi, 550 p. :
Other physical details ill. (black and white) ;
Dimensions 26 cm.
500 ## - GENERAL NOTE
General note Index : p. 542-550.
500 ## - GENERAL NOTE
General note Originally published : 2012.
504 ## - BIBLIOGRAPHY, ETC. NOTE
Bibliography, etc Bibliography : p. 484-541.
650 #0 - SUBJECT ADDED ENTRY--TOPICAL TERM
Topical term or geographic name as entry element Autism spectrum disorders.
Source of heading or term BUEsh
650 #0 - SUBJECT ADDED ENTRY--TOPICAL TERM
Topical term or geographic name as entry element Autism spectrum disorders
General subdivision Diagnosis.
Source of heading or term BUEsh
650 #0 - SUBJECT ADDED ENTRY--TOPICAL TERM
Topical term or geographic name as entry element Autism spectrum disorders
General subdivision Treatment.
Source of heading or term BUEsh
650 #0 - SUBJECT ADDED ENTRY--TOPICAL TERM
Topical term or geographic name as entry element Autism spectrum disorders
General subdivision Patients
-- Services for.
Source of heading or term BUEsh
651 ## - SUBJECT ADDED ENTRY--GEOGRAPHIC NAME
Source of heading or term BUEsh
653 ## - INDEX TERM--UNCONTROLLED
Resource For college Nursing
Arrived date list August2015
-- September2015
942 ## - ADDED ENTRY ELEMENTS (KOHA)
Source of classification or shelving scheme Dewey Decimal Classification
Holdings
Withdrawn status Lost status Source of classification or shelving scheme Damaged status Not for loan Koha collection Home library Current library Shelving location Date acquired Source of acquisition Cost, normal purchase price Serial Enumeration / chronology Total Checkouts Total Renewals Full call number Barcode Date last seen Date last borrowed Cost, replacement price Koha item type
    Dewey Decimal Classification     Baccah Central Library Central Library First floor 31/08/2015 Purchase 351.00 23317 5 18 616.85882 TAN 000039053 04/02/2026 19/10/2025 439.00 Book - Borrowing